000 01008cam a2200289 a 4500
001 1917185
003 OSt
005 20250901165801.0
008 850731s1985 wiu b 001 0 eng
010 _a 85081219
020 _a0891542868 (pbk.) :
_c$25.00 ($15.00 for members)
040 _aDLC
_cDLC
_dDLC
043 _an-us---
050 0 0 _aRA 410 .F57 1985
_b.F57 1985
082 0 0 _a338.4/33621
_219
100 1 _aFinkel, Madelon Lubin,
_d1949-
245 1 0 _aHealth care cost management :
_ba basic guide /
_cby Madelon Lubin Finkel.
260 _aBrookfield, Wis. :
_bInternational Foundation of Employee Benefit Plans,
_c1985.
300 _axi, 132 p. ;
_c23 cm.
504 _aIncludes bibliographies and index.
650 0 _aMedical care
_xCost control.
650 0 _aMedical care
_zUnited States
_xCost control.
650 0 _aHealth insurance
_xCost control.
650 0 _aHealth insurance
_zUnited States
_xCost control.
906 _a7
_bcbc
_corignew
_d3
_eopcn
_f19
_gy-gencatlg
942 _2lcc
_cBK
999 _c9203
_d9203